Datum a čas kvízu
23
Celkem bodů
Celkový počet nahraných bodů na tomto kvízu bez doplňovacích otázek.
13.
Pořadí na kvízu
Konečné umístění týmu na tomto kvízu.
Zaznamenané odpovědi
| # | Otázka | Odpověď | Body | Výsledky |
|---|---|---|---|---|
| 1. | Ve vinici u Velkých Pavlovic n... | Frankovku | 0 | |
| 2. | Školský obvod nedaleko Houston... | má odhalené ňadro | 0 | |
| 3. | Ve čtvrtek se odehrálo slavnos... | Letnice | 0 | |
| 4. | Sněmovna minulý týden ve třetí... | mařiče energií (elektřiny) | 0 | |
| 5. | Česká sportovkyně Renata Zacho... | v judu | 1 | |
| 6. | Opuštěné budovy mají pro řadu... | B) urbex | 1 | |
| 7. | Napište jméno města, v němž se... | Pripjať | 0 | |
| 8. | V Kolmanskopu v jihozápadní Af... | Namib/Namibská poušť | 1 | |
| 9. | Velmi smutný osud potkal celou... | Sarajevo, 1984 | 0 | |
| 10. | Toto opuštěné městečko, působí... | v Turecku | 1 |